000 00353nam a2200133Ia 4500
005 20260326235453.0
008 260326s9999||||xx |||||||||||||| ||und||
100 _aPevsner, Nikolaus
245 2 _aA History of Building types /
_cNikolaus Pevsner
260 _bPrinceton University Press
300 _a352 p.
650 _aARQUITECTURA CIVIL
942 _cBK
999 _c7829
_d7829